Movies Quiz

Random Movies or Cast Quiz

Finding Nemo Cast Quiz Stats

 Plays Quiz not verified by Sporcle

Score 0/26 Timer 10:00
0 Plays Today
Hint Answer % Correct
MarlinAlbert Brooks
71.4%
DoryEllen DeGeneres
71.4%
GillWillem Dafoe
42.9%
PeachAllison Janney
42.9%
NigelGeoffrey Rush
42.9%
BruceBarry Humphries
42.9%
NemoAlexander Gould
35.7%
BloatBill Garrett
35.7%
GurgleAustin Pendleton
35.7%
BubblesStephen Root
35.7%
CoralElizabeth Perkins
35.7%
SquirtNicholas Bird
35.7%
RayBob Peterson
35.7%
Hint Answer % Correct
AnchorEric Bana
35.7%
Director/WriterAndrew Stanton
35.7%
Deb/FloVicki Lewis
28.6%
Jacques/TadJoe Ranft
28.6%
SheldonErik Per Sullivan
28.6%
PearlErica Beck
28.6%
CrushAndrew Stanton
28.6%
ChumBruce Spence
28.6%
DentistBill Hunter
28.6%
DarlaLuLu Ebeling
28.6%
Co-directorLee Unkrich
21.4%
Coo-writerDavid Reynolds
14.3%
Co-writerBob Peterson
7.1%

You're not logged in!

Compare scores with friends on all Sporcle quizzes.
OR
Log In

Sporcle TV

Today on Sporcle TV


Watch our educational content, quiz creation guides, and fun videos on Sporcle TV.

Show Comments

Extras

Created Jul 25, 2016ReportNominate
Tags:Cast Quiz, Finding Nemo, nemo

Top Quizzes Today


Score Distribution

Your Account Isn't Verified!

In order to create a playlist on Sporcle, you need to verify the email address you used during registration. Go to your Sporcle Settings to finish the process.

Report this User

Report this user for behavior that violates our Community Guidelines.

Details: